00572nam a22001817a 4500003001100000005001700011008004100028040003900069041000800108082001600116100003100132245002600163300006200189650002600251942000700277952009100284999001500375LK-CoMWRAF20230922152005.0230922b2005 |||||||| |||| 00| 0 eng d aLK-CoMWRAFdLK-CoMWRAFeLK-CoMWRAF aeng a294.34bMED aMedhananda Thera, Ellawala aBuddhangala hermitage aBuddhangala :b Buddhagala Arnya Sadhaka Samithiya,c2005 aBuddhangala-Hermitage cBK 00104070aMAINbMAINd2023-09-22l0o294.34 MEDpRAF1248r2023-09-22w2023-09-22yBK c3602d3602